Tropical rain forest ecosystems : (Record no. 5870)
[ view plain ]
| 000 -LEADER | |
|---|---|
| fixed length control field | 01048cam a2200265 a 4500 |
| 001 - CONTROL NUMBER | |
| control field | BD-DhSAU 5870 |
| 003 - CONTROL NUMBER IDENTIFIER | |
| control field | BD-DhSAU |
| 005 - DATE AND TIME OF LATEST TRANSACTION | |
| control field | 20150429103948.0 |
| 008 - FIXED-LENGTH DATA ELEMENTS--GENERAL INFORMATION | |
| fixed length control field | 810602m19831989ne a b 001 0 eng |
| 020 ## - INTERNATIONAL STANDARD BOOK NUMBER | |
| International Standard Book Number | 0444418105 (set) |
| 040 ## - CATALOGING SOURCE | |
| Original cataloging agency | BD-DhSAU |
| 082 00 - DEWEY DECIMAL CLASSIFICATION NUMBER | |
| Classification number | 574.52642 |
| Edition number | 22 |
| Item number | TRO |
| 245 00 - TITLE STATEMENT | |
| Title | Tropical rain forest ecosystems : |
| Statement of responsibility, etc. | edited by H. Lieth and M. J. A. Werger |
| Remainder of title | Biogeographical and ecological studies / |
| 260 ## - PUBLICATION, DISTRIBUTION, ETC. (IMPRINT) | |
| Place of publication, distribution, etc. | New York : |
| Name of publisher, distributor, etc. | Elsevier Scientific Pub. Co. , |
| Date of publication, distribution, etc. | 1989. |
| 300 ## - PHYSICAL DESCRIPTION | |
| Extent | xvii, 713 p.: |
| Other physical details | ill. ; |
| Dimensions | 26 cm. |
| 440 #0 - SERIES STATEMENT/ADDED ENTRY--TITLE | |
| Title | Ecosystems of the world ; |
| Volume/sequential designation | 14 |
| 500 ## - GENERAL NOTE | |
| General note | Vol. B edited by: H. Lieth and M.J.A. Werger. |
| 500 ## - GENERAL NOTE | |
| General note | Vol. B has imprint: Amsterdam ; New York : Elsevier ; New York, NY, U.S.A. : Distributors for the U.S. and Canada, Elsevier Science Pub. Co. |
| 504 ## - BIBLIOGRAPHY, ETC. NOTE | |
| Bibliography, etc | Includes bibliographies and indexes. |
| 505 0# - FORMATTED CONTENTS NOTE | |
| Formatted contents note | A. Structure and function -- B. Biogeographical and ecological studies. |
| 590 ## - Name of Cataloguer | |
| Name of Cataloger | IMRAN |
| 650 #0 - SUBJECT ADDED ENTRY--TOPICAL TERM | |
| Topical term or geographic name as entry element | Rain forest ecology. |
| 700 1# - ADDED ENTRY--PERSONAL NAME | |
| Personal name | Lieth, Helmut. |
| 700 1# - ADDED ENTRY--PERSONAL NAME | |
| Personal name | Werger, M. J. A. |
| 942 ## - ADDED ENTRY ELEMENTS (KOHA) | |
| Source of classification or shelving scheme | Dewey Decimal Classification |
| Koha item type | Book |
| Withdrawn status | Lost status | Source of classification or shelving scheme | Damaged status | Not for loan | Collection code | Home library | Branch Name | Shelving location | Date acquired | Total Checkouts | Full call number | Barcode | Date last seen | Price effective from | Koha item type |
|---|---|---|---|---|---|---|---|---|---|---|---|---|---|---|---|
| Dewey Decimal Classification | Not For Loan | Reference | SAU Library | SAU Library | Reference | 20/06/1993 | 574.52642 TRO | 24095 | 29/04/2015 | 29/04/2015 | Book |
